[Event "Liga Madrileña - DH 2013-2014"]
[Site "Madrid ESP"]
[Date "2013.12.14"]
[Round "4.14"]
[White "Sanchez Gonzalez, Sergio"]
[Black "Rabadan Velasco, Raul"]
[Result "1/2-1/2"]
[WhiteElo "2319"]
[BlackElo "2280"]
[PlyCount "102"]
[EventDate "2013.11.18"]
[EventType "team-tourn"]
[EventRounds "14"]
[EventCountry "ESP"]
[Source "lmi"]
[SourceDate "2013.11.18"]
[WhiteTeam "Liberty Chess"]
[BlackTeam "Virgen de Atocha"]
[WhiteTeamCountry "ESP"]
[BlackTeamCountry "ESP"]

1. Nf3 Nc6 2. d4 d5 3. g3 Bg4 4. Bg2 Nf6 5. Ne5 Bf5 6. c4 Be4 7. f3 Bxb1 8.
Rxb1 e6 9. Nxc6 bxc6 10. Qa4 Qd7 11. c5 h5 12. Bg5 Nh7 13. Bd2 g6 14. b4 Bg7
15. e3 h4 16. b5 cxb5 17. Qxb5 Qxb5 18. Rxb5 Kd7 19. Kf2 Rhb8 20. Rhb1 Rxb5 21.
Rxb5 hxg3+ 22. hxg3 Kc6 23. Bf1 a6 24. Ra5 Kb7 25. Bc3 Nf6 26. Ra3 Nd7 27. Ba5
Kc6 28. Bd3 g5 29. Bc2 Nf6 30. Ba4+ Kb7 31. c6+ Kc8 32. Bc2 Ne8 33. Bd3 Bf8 34.
Rb3 Nd6 35. Bb4 a5 36. Bc5 Be7 37. e4 dxe4 38. fxe4 Kd8 39. a4 Nc8 40. Rb5 Bxc5
41. Rxc5 f6 42. e5 Ke7 43. exf6+ Kxf6 44. Bc2 Nd6 45. Kf3 Rb8 46. Rxa5 Rb4 47.
Rc5 Rxd4 48. a5 Rc4 49. Rxc4 Nxc4 50. a6 Ne5+ 51. Ke4 Nxc6 1/2-1/2

[Event "Liga Madrileña - DH 2013-2014"]
[Site "Madrid ESP"]
[Date "2013.12.14"]
[Round "4.15"]
[White "Kosmo, Santul"]
[Black "Perez Gonzalez, Jose Manuel"]
[Result "1/2-1/2"]
[WhiteElo "2237"]
[BlackElo "2324"]
[PlyCount "93"]
[EventDate "2013.11.18"]
[EventType "team-tourn"]
[EventRounds "14"]
[EventCountry "ESP"]
[Source "lmi"]
[SourceDate "2013.11.18"]
[WhiteTeam "Virgen de Atocha"]
[BlackTeam "Liberty Chess"]
[WhiteTeamCountry "ESP"]
[BlackTeamCountry "ESP"]

1. e4 c5 2. Nf3 g6 3. d4 cxd4 4. Nxd4 Nc6 5. Nc3 Bg7 6. Be3 Nf6 7. Bc4 O-O 8.
Bb3 a5 9. O-O d6 10. f3 Nxd4 11. Bxd4 Bd7 12. a4 Bc6 13. Qd2 Nd7 14. Bxg7 Kxg7
15. Kh1 Nc5 16. Bc4 Rc8 17. b3 Qb6 18. Qg5 f6 19. Qg3 Qb4 20. Nd5 Bxd5 21. Bxd5
Nd7 22. Qf2 Rc7 23. Rad1 Qc5 24. Qxc5 Nxc5 25. Kg1 f5 26. exf5 gxf5 27. g4 e6
28. Bc4 d5 29. Bb5 fxg4 30. fxg4 Rcf7 31. Rxf7+ Rxf7 32. c4 Rf4 33. cxd5 Rxg4+
34. Kf2 exd5 35. Rxd5 Nxb3 36. Rd7+ Kf6 37. Rxb7 Nc5 38. Rxh7 Nxa4 39. Ra7 Nc3
40. Rxa5 Nxb5 41. Rxb5 Kg6 42. h3 Ra4 43. Rb3 Rc4 44. Kg3 Kh5 45. Rb5+ Kg6 46.
h4 Ra4 47. h5+ 1/2-1/2

[Event "Liga Madrileña - DH 2013-2014"]
[Site "Madrid ESP"]
[Date "2013.12.14"]
[Round "4.16"]
[White "Martin Rueda, Daniel"]
[Black "Perez de Aranda, Leonardo Ivan"]
[Result "1-0"]
[WhiteElo "2315"]
[BlackElo "2115"]
[PlyCount "86"]
[EventDate "2013.11.18"]
[EventType "team-tourn"]
[EventRounds "14"]
[EventCountry "ESP"]
[Source "lmi"]
[SourceDate "2013.11.18"]
[WhiteTeam "Liberty Chess"]
[BlackTeam "Virgen de Atocha"]
[WhiteTeamCountry "ESP"]
[BlackTeamCountry "ESP"]

1. d4 d5 2. Nf3 Nf6 3. c4 dxc4 4. e3 Bg4 5. Bxc4 e6 6. Qb3 Bxf3 7. gxf3 Nbd7 8.
Nc3 Nb6 9. Be2 c5 10. dxc5 Bxc5 11. Na4 Nxa4 12. Qxa4+ Nd7 13. Bd2 O-O 14. Bc3
Qe7 15. Rg1 f6 16. Qh4 Rf7 17. Bd3 Nf8 18. O-O-O b5 19. Kb1 b4 20. Bd4 Bxd4 21.
Qxd4 Kh8 22. Bc4 Rc8 23. f4 Qc7 24. Bb3 a5 25. Rc1 Qb8 26. Rxc8 Qxc8 27. Qb6
Qa8 28. f5 Re7 29. Qc5 Re8 30. Qc7 g6 31. fxg6 Nxg6 32. Qf7 Qd8 33. Bc2 Rg8 34.
Qxe6 Rg7 35. Rd1 Qf8 36. Qb6 Qe7 37. Qxa5 Ne5 38. Bb3 h5 39. f4 Nf7 40. Qxh5+
Rh7 41. Qf3 Rxh2 42. Qa8+ Kh7 43. Rg1 Ng5 1-0

[Event "Liga Madrileña - DH 2013-2014"]
[Site "Madrid ESP"]
[Date "2013.12.14"]
[Round "4.21"]
[White "Aranda Marin, Cristian"]
[Black "Taboas Rodriguez, Daniel"]
[Result "1-0"]
[WhiteElo "2303"]
[BlackElo "2398"]
[PlyCount "105"]
[EventDate "2013.11.18"]
[EventType "team-tourn"]
[EventRounds "14"]
[EventCountry "ESP"]
[Source "lmi"]
[SourceDate "2013.11.18"]
[WhiteTeam "San Fernando de Henares"]
[BlackTeam "Blanco y Negro"]
[WhiteTeamCountry "ESP"]
[BlackTeamCountry "ESP"]

1. d4 Nf6 2. c4 g6 3. Nc3 Bg7 4. e4 d6 5. f4 O-O 6. Nf3 Nbd7 7. Bd3 c6 8. O-O
e5 9. fxe5 dxe5 10. d5 cxd5 11. cxd5 Nc5 12. Bc2 Bg4 13. h3 Bxf3 14. Qxf3 Nh5
15. Be3 Rc8 16. Rad1 a6 17. Qf2 Qd6 18. Ne2 b5 19. Rd2 Nf6 20. Qh4 Nfd7 21. Ng3
Na4 22. Bxa4 bxa4 23. Bh6 f6 24. Bxg7 Kxg7 25. Qg4 Kf7 26. Kh2 Rc4 27. Rfd1 Nc5
28. Qe2 Rd4 29. Qe3 Rxd2 30. Rxd2 Kg7 31. Rc2 Rc8 32. Qd2 Rb8 33. Qe2 Kf7 34.
Qc4 a3 35. b3 Nd7 36. Qa4 Rb5 37. Rc8 Ke7 38. Qc4 h5 39. Rh8 Qc5 40. Rh7+ Ke8
41. Qe2 Kd8 42. Qd2 Kc7 43. Rh6 Qd4 44. Qc1+ Qc5 45. Qd2 Qd4 46. Qc2+ Qc5 47.
Qe2 Nf8 48. Nf1 Qc1 49. Ne3 Rb4 50. Rh8 Nd7 51. Qxa6 Rb6 52. Rc8+ Kd6 53. Qxb6+
1-0

[Event "Liga Madrileña - DH 2013-2014"]
[Site "Madrid ESP"]
[Date "2013.12.14"]
[Round "4.22"]
[White "Bolado Saez, Sergio"]
[Black "Jimenez Lopez, Antonio"]
[Result "1-0"]
[WhiteElo "2349"]
[BlackElo "2107"]
[PlyCount "79"]
[EventDate "2013.11.18"]
[EventType "team-tourn"]
[EventRounds "14"]
[EventCountry "ESP"]
[Source "lmi"]
[SourceDate "2013.11.18"]
[WhiteTeam "Blanco y Negro"]
[BlackTeam "San Fernando de Henares"]
[WhiteTeamCountry "ESP"]
[BlackTeamCountry "ESP"]

1. d4 Nf6 2. c4 g6 3. Nc3 Bg7 4. e4 d6 5. Be2 O-O 6. Bg5 Nbd7 7. Qd2 e5 8. d5
a5 9. O-O-O Nc5 10. f3 Qd7 11. g4 Ne8 12. h4 f6 13. Be3 f5 14. gxf5 gxf5 15.
Nh3 f4 16. Bg1 Ra6 17. Nf2 Nf6 18. Nd3 Qe7 19. Bf2 Bd7 20. Rhg1 Kh8 21. b3 Bh6
22. Kc2 Raa8 23. Nxc5 dxc5 24. d6 Qd8 25. Bxc5 c6 26. Ba3 Nh5 27. Na4 Bg7 28.
Rg5 Ng3 29. Bb2 Qe8 30. Nb6 Rd8 31. c5 h6 32. Rxg7 Kxg7 33. Nc4 Qh5 34. Nxe5
Kh7 35. Bd3 Be6 36. Qxa5 Ra8 37. Qc7+ Bf7 38. Nd7 Qxf3 39. Nf6+ Kg7 40. Ng4+
1-0

[Event "Liga Madrileña - DH 2013-2014"]
[Site "Madrid ESP"]
[Date "2013.12.14"]
[Round "4.23"]
[White "Garcia Suarez, Joaquin"]
[Black "Alarcia Astriz, Carlos"]
[Result "0-1"]
[WhiteElo "2038"]
[BlackElo "2331"]
[PlyCount "58"]
[EventDate "2013.11.18"]
[EventType "team-tourn"]
[EventRounds "14"]
[EventCountry "ESP"]
[Source "lmi"]
[SourceDate "2013.11.18"]
[WhiteTeam "San Fernando de Henares"]
[BlackTeam "Blanco y Negro"]
[WhiteTeamCountry "ESP"]
[BlackTeamCountry "ESP"]

1. d4 c6 2. c4 Nf6 3. Nc3 d5 4. Nf3 Nbd7 5. cxd5 cxd5 6. Bf4 a6 7. e3 e6 8. Bd3
Be7 9. O-O Nh5 10. Ne5 Nxf4 11. exf4 g6 12. Re1 O-O 13. Qe2 Nf6 14. Qe3 Qd6 15.
g4 Re8 16. Kh1 b5 17. f5 exf5 18. gxf5 Bf8 19. Qg5 Bg7 20. Re3 b4 21. fxg6 fxg6
22. Ne2 Ne4 23. Bxe4 dxe4 24. Nc4 Qf8 25. Qh4 Bb7 26. Na5 Bd5 27. Nf4 Rad8 28.
Nxd5 Rxd5 29. Nb3 Rh5 0-1

[Event "Liga Madrileña - DH 2013-2014"]
[Site "Madrid ESP"]
[Date "2013.12.14"]
[Round "4.24"]
[White "Renteria Becerra, Jorge Elicer"]
[Black "De La Orden Alcocer, Alejandro"]
[Result "1-0"]
[WhiteElo "2311"]
[BlackElo "1931"]
[PlyCount "57"]
[EventDate "2013.11.18"]
[EventType "team-tourn"]
[EventRounds "14"]
[EventCountry "ESP"]
[Source "lmi"]
[SourceDate "2013.11.18"]
[WhiteTeam "Blanco y Negro"]
[BlackTeam "San Fernando de Henares"]
[WhiteTeamCountry "ESP"]
[BlackTeamCountry "ESP"]

1. e4 Nf6 2. e5 Nd5 3. c4 Nb6 4. d4 d6 5. exd6 exd6 6. h3 Be7 7. Nf3 Bf5 8. Nc3
O-O 9. b3 Nc6 10. Be3 Bf6 11. Be2 Re8 12. Rc1 d5 13. c5 Nc8 14. O-O N8e7 15. g4
Be4 16. g5 Nf5 17. gxf6 Qxf6 18. Nxe4 Rxe4 19. Rc3 Rae8 20. Kh2 Nxe3 21. fxe3
Rxe3 22. Rxe3 Qf4+ 23. Kh1 Qxe3 24. Bb5 Qh6 25. Ng1 Re3 26. Qg4 Ne7 27. Qd7 Kh8
28. Rxf7 Re1 29. Qe8+ 1-0

[Event "Liga Madrileña - DH 2013-2014"]
[Site "Madrid ESP"]
[Date "2013.12.14"]
[Round "4.25"]
[White "Lucas Quintans, Carlos"]
[Black "Garrido Olivares, Ricard"]
[Result "0-1"]
[WhiteElo "1860"]
[BlackElo "2216"]
[PlyCount "70"]
[EventDate "2013.11.18"]
[EventType "team-tourn"]
[EventRounds "14"]
[EventCountry "ESP"]
[Source "lmi"]
[SourceDate "2013.11.18"]
[WhiteTeam "San Fernando de Henares"]
[BlackTeam "Blanco y Negro"]
[WhiteTeamCountry "ESP"]
[BlackTeamCountry "ESP"]

1. d4 d5 2. c4 e6 3. Nc3 c5 4. e3 Nf6 5. Nf3 a6 6. b3 cxd4 7. Nxd4 Bb4 8. Bd2
O-O 9. a3 Bd6 10. b4 dxc4 11. Bxc4 b5 12. Bb3 Qe7 13. Qe2 Rd8 14. Nf3 Nc6 15.
e4 Nd7 16. Bg5 f6 17. Be3 Bb7 18. Nh4 Kh8 19. Qg4 Nf8 20. O-O Ne5 21. Qh3 g5
22. f4 gxh4 23. fxe5 Bxe5 24. Bc5 Qg7 25. Ra2 f5 26. Ne2 Bxe4 27. Nf4 Bxf4 28.
Rxf4 Ng6 29. Rxe4 fxe4 30. Qg4 Qc3 31. Qxe4 Qxb3 32. Bd4+ Kg8 33. Rd2 Qd5 34.
Qg4 Qf5 35. Qd1 e5 0-1

[Event "Liga Madrileña - DH 2013-2014"]
[Site "Madrid ESP"]
[Date "2013.12.15"]
[Round "4.31"]
[White "Vazquez Igarza, Renier"]
[Black "Candela Perez, Jose"]
[Result "1-0"]
[WhiteElo "2558"]
[BlackElo "2447"]
[PlyCount "87"]
[EventDate "2013.11.18"]
[EventType "team-tourn"]
[EventRounds "14"]
[EventCountry "ESP"]
[Source "lmi"]
[SourceDate "2013.11.18"]
[WhiteTeam "Collado Villalba"]
[BlackTeam "La Casa del Ajedrez"]
[WhiteTeamCountry "ESP"]
[BlackTeamCountry "ESP"]

1. d4 d5 2. Bf4 e6 3. Nf3 Bd6 4. Bg3 Nf6 5. e3 Ne4 6. c4 Nxg3 7. hxg3 c6 8. g4
Nd7 9. Nc3 b6 10. Qc2 g6 11. Bd3 Ba6 12. cxd5 Bxd3 13. Qxd3 cxd5 14. Ke2 a6 15.
e4 dxe4 16. Nxe4 Nf6 17. Nxf6+ Qxf6 18. Rac1 b5 19. Rc6 Qe7 20. Qe3 f6 21. Nd2
O-O 22. Ne4 Rad8 23. Rxa6 f5 24. Ng5 f4 25. Qxe6+ Qxe6+ 26. Nxe6 Rfe8 27. d5
Bb8 28. Rd1 Rd6 29. Rxd6 Bxd6 30. Rc1 Kf7 31. Kf3 Ra8 32. a3 Ke7 33. Nd4 Be5
34. Nc6+ Kd6 35. Nxe5 Kxe5 36. Rd1 Kd6 37. Kxf4 b4 38. axb4 Ra2 39. Rd2 h6 40.
Ke3 Ra4 41. Rd4 Ra2 42. b3 Ra3 43. Rd3 Ra8 44. f4 1-0

[Event "Liga Madrileña - DH 2013-2014"]
[Site "Madrid ESP"]
[Date "2013.12.15"]
[Round "4.32"]
[White "Gallego Jimenez, Victoriano"]
[Black "Moreno Ruiz, Javier"]
[Result "0-1"]
[WhiteElo "2367"]
[BlackElo "2470"]
[PlyCount "110"]
[EventDate "2013.11.18"]
[EventType "team-tourn"]
[EventRounds "14"]
[EventCountry "ESP"]
[Source "lmi"]
[SourceDate "2013.11.18"]
[WhiteTeam "La Casa del Ajedrez"]
[BlackTeam "Collado Villalba"]
[WhiteTeamCountry "ESP"]
[BlackTeamCountry "ESP"]

1. d4 Nf6 2. c4 e6 3. Nf3 Bb4+ 4. Bd2 a5 5. g3 d6 6. Bg2 Nbd7 7. O-O e5 8. Bg5
exd4 9. Nxd4 O-O 10. Qc2 h6 11. Bf4 Ne5 12. Nc3 Ng6 13. Bd2 c6 14. Rad1 Qc7 15.
Na4 Re8 16. c5 dxc5 17. Nxc5 Qe5 18. Bxb4 axb4 19. Qc4 Qh5 20. f3 Nd5 21. Nc2
b6 22. Ne4 Ba6 23. Qxc6 Nge7 24. Qd6 Bxe2 25. g4 Qh4 26. Rxd5 Nxd5 27. Qxd5
Bxf1 28. Bxf1 Rad8 29. Qc4 Rc8 30. Qe2 h5 31. h3 Qe7 32. Ne3 Qe5 33. Kg2 Rc1
34. Nc4 Qe6 35. Qd3 hxg4 36. hxg4 b5 37. Ne3 Qxa2 38. Qd4 Rb1 39. Nd1 Rxd1 40.
Qxd1 Qxb2+ 41. Kh3 Qe5 42. Bd3 g6 43. Qb3 Kg7 44. Qxb4 Rh8+ 45. Kg2 Rh2+ 46.
Kg1 Rb2 47. Qc3 Qxc3 48. Nxc3 Rb3 49. Bxb5 Rxc3 50. Kf2 g5 51. Kg3 Kf6 52. Ba6
Ke5 53. Bb5 Kd4 54. Ba6 Ke3 55. Bb5 Rc1 0-1

[Event "Liga Madrileña - DH 2013-2014"]
[Site "Madrid ESP"]
[Date "2013.12.15"]
[Round "4.34"]
[White "Suarez Uriel, Adrian"]
[Black "Pena Gomez, Manuel"]
[Result "0-1"]
[WhiteElo "2254"]
[BlackElo "2417"]
[PlyCount "96"]
[EventDate "2013.11.18"]
[EventType "team-tourn"]
[EventRounds "14"]
[EventCountry "ESP"]
[Source "lmi"]
[SourceDate "2013.11.18"]
[WhiteTeam "La Casa del Ajedrez"]
[BlackTeam "Collado Villalba"]
[WhiteTeamCountry "ESP"]
[BlackTeamCountry "ESP"]

1. e4 c5 2. Ne2 Nc6 3. Nbc3 Nd4 4. Nxd4 cxd4 5. Nb5 e5 6. c3 a6 7. Qa4 Rb8 8.
Na3 b5 9. Qb3 Bb7 10. cxd4 exd4 11. Bd3 Nf6 12. O-O Be7 13. Re1 d5 14. e5 Ne4
15. Qd1 O-O 16. Nc2 f6 17. e6 f5 18. b4 Bd6 19. Qh5 Rf6 20. Nxd4 Qb6 21. Bb2
Be5 22. Bxe4 dxe4 23. Nc6 Bxb2 24. Nxb8 Qxe6 25. Rad1 Be5 26. Nxa6 Bxa6 27. d4
Rh6 28. d5 Qd7 29. Qg5 Bxh2+ 30. Kf1 Bd6 31. a3 Bb7 32. Qe3 Be5 33. Qb3 Rd6 34.
Rd2 Qc7 35. Rc2 Bxd5 36. Rxc7 Bxb3 37. Rc5 Bc4+ 38. Kg1 Bc3 39. Rb1 Bd4 40.
Rxf5 e3 41. fxe3 Bxe3+ 42. Kh2 Bd3 43. Rbf1 Bxf1 44. Rxf1 g6 45. Rf3 Rd3 46. a4
bxa4 47. b5 Rb3 48. Kh3 Bb6 0-1

[Event "Liga Madrileña - DH 2013-2014"]
[Site "Madrid ESP"]
[Date "2013.12.15"]
[Round "4.35"]
[White "Martinez Rodriguez, Pablo"]
[Black "Unciti Juan, Javier"]
[Result "1-0"]
[WhiteElo "2277"]
[BlackElo "2152"]
[PlyCount "79"]
[EventDate "2013.11.18"]
[EventType "team-tourn"]
[EventRounds "14"]
[EventCountry "ESP"]
[Source "lmi"]
[SourceDate "2013.11.18"]
[WhiteTeam "Collado Villalba"]
[BlackTeam "La Casa del Ajedrez"]
[WhiteTeamCountry "ESP"]
[BlackTeamCountry "ESP"]

1. d4 e6 2. Nf3 Nf6 3. Bg5 d5 4. c4 c5 5. cxd5 exd5 6. Nc3 Be6 7. e4 Be7 8.
Bb5+ Nc6 9. Bxf6 Bxf6 10. exd5 Bxd5 11. Nxd5 Qxd5 12. Qe2+ Kf8 13. O-O Nxd4 14.
Nxd4 Bxd4 15. Rad1 g6 16. b4 b6 17. Bc4 Qd7 18. bxc5 bxc5 19. Rd3 Kg7 20. Qe5+
Bxe5 21. Rxd7 Rhf8 22. Rb1 Rab8 23. Rxb8 Rxb8 24. Rxf7+ Kh6 25. g4 Rb4 26. Be6
Rb6 27. Bc4 Rb4 28. Be6 Rb6 29. Bb3 Rb4 30. h3 c4 31. f4 Bd4+ 32. Kg2 g5 33.
Bc2 gxf4 34. h4 Bg7 35. Kf3 Rb2 36. Be4 Rxa2 37. g5+ Kh5 38. Rxg7 Kxh4 39. Kxf4
Rf2+ 40. Bf3 1-0

[Event "Liga Madrileña - DH 2013-2014"]
[Site "Madrid ESP"]
[Date "2013.12.15"]
[Round "4.36"]
[White "Collado Barbas, Laura"]
[Black "Pastor Alonso de Prado, Alberto"]
[Result "1-0"]
[WhiteElo "2133"]
[BlackElo "2159"]
[PlyCount "37"]
[EventDate "2013.11.18"]
[EventType "team-tourn"]
[EventRounds "14"]
[EventCountry "ESP"]
[Source "lmi"]
[SourceDate "2013.11.18"]
[WhiteTeam "La Casa del Ajedrez"]
[BlackTeam "Collado Villalba"]
[WhiteTeamCountry "ESP"]
[BlackTeamCountry "ESP"]

1. d4 e6 2. c4 Bb4+ 3. Nc3 Nf6 4. Qc2 O-O 5. e4 d5 6. e5 Ne4 7. Bd3 c5 8. Nf3
Nc6 9. dxc5 Qa5 10. O-O Bxc3 11. bxc3 Qxc5 12. Bxe4 dxe4 13. Qxe4 Na5 14. Ng5
g6 15. Qh4 h5 16. Ne4 Qxe5 17. Bh6 f5 18. Qe7 Bd7 19. Ng5 1-0

[Event "Liga Madrileña - DH 2013-2014"]
[Site "Madrid ESP"]
[Date "2013.12.15"]
[Round "4.41"]
[White "Roa Alonso, Santiago"]
[Black "Moreno Trujillo, Alejandro"]
[Result "1-0"]
[WhiteElo "2401"]
[BlackElo "2541"]
[PlyCount "109"]
[EventDate "2013.11.18"]
[EventType "team-tourn"]
[EventRounds "14"]
[EventCountry "ESP"]
[Source "lmi"]
[SourceDate "2013.11.18"]
[WhiteTeam "Vallecas CDV"]
[BlackTeam "64 Villalba"]
[WhiteTeamCountry "ESP"]
[BlackTeamCountry "ESP"]

1. e4 e6 2. d4 d5 3. Nc3 Bb4 4. e5 c5 5. a3 Bxc3+ 6. bxc3 Qa5 7. Bd2 Qa4 8. Qb1
c4 9. f4 Nc6 10. Nf3 Bd7 11. Be2 O-O-O 12. O-O f6 13. g3 Nge7 14. Nh4 Rhg8 15.
Ng2 Rdf8 16. Qb2 Be8 17. Ne3 Qa5 18. Rad1 h6 19. a4 Kb8 20. Qa3 Nc8 21. exf6
gxf6 22. f5 e5 23. dxe5 Nxe5 24. Be1 Bc6 25. Qb4 Qxb4 26. cxb4 Bxa4 27. Rxd5
Nb6 28. Rd4 Re8 29. Bf2 Re7 30. Rd6 Rf8 31. g4 Nc8 32. Re6 Rfe8 33. Bg3 Rxe6
34. fxe6 Rxe6 35. Rxf6 Rxf6 36. Bxe5+ Rd6 37. Nxc4 Kc7 38. Bd3 Kd7 39. Nxd6
Nxd6 40. Bf4 Nf7 41. h4 Ke7 42. Kf2 Bd7 43. Kg3 a6 44. Be4 Bc8 45. c4 Kf6 46.
c5 Ne5 47. g5+ hxg5 48. hxg5+ Ke6 49. g6 Nxg6 50. Bxg6 Kd5 51. Bc7 Bd7 52. Kf4
Kd4 53. Be4 Bc8 54. Ba5 Kc4 55. Ke5 1-0

[Event "Liga Madrileña - DH 2013-2014"]
[Site "Madrid ESP"]
[Date "2013.12.15"]
[Round "4.43"]
[White "Montanes Arribas, Adrian"]
[Black "Espinosa Aranda, Angel"]
[Result "0-1"]
[WhiteElo "2220"]
[BlackElo "2387"]
[PlyCount "72"]
[EventDate "2013.11.18"]
[EventType "team-tourn"]
[EventRounds "14"]
[EventCountry "ESP"]
[Source "lmi"]
[SourceDate "2013.11.18"]
[WhiteTeam "Vallecas CDV"]
[BlackTeam "64 Villalba"]
[WhiteTeamCountry "ESP"]
[BlackTeamCountry "ESP"]

1. e4 e6 2. d4 d5 3. Nd2 dxe4 4. Nxe4 Nd7 5. Nf3 Ngf6 6. Nxf6+ Nxf6 7. Bd3 c5
8. Bg5 cxd4 9. Bxf6 gxf6 10. Bb5+ Bd7 11. Bxd7+ Qxd7 12. Qxd4 Qxd4 13. Nxd4 Rd8
14. Nb3 Rg8 15. g3 h5 16. h4 f5 17. Nc1 f4 18. gxf4 Bb4+ 19. c3 Be7 20. Ke2 Rg4
21. Nd3 Rd5 22. Rag1 Rxg1 23. Rxg1 Kf8 24. Ne5 Bf6 25. Nf3 Rb5 26. b3 Ra5 27.
a4 b5 28. axb5 Rxb5 29. b4 Bxc3 30. Rc1 Bxb4 31. Rc8+ Kg7 32. Rc7 Bd6 33. Rxa7
Rb2+ 34. Kd3 Bxf4 35. Nd4 Kg6 36. Ne2 Rd2+ 0-1

[Event "Liga Madrileña - DH 2013-2014"]
[Site "Madrid ESP"]
[Date "2013.12.15"]
[Round "4.44"]
[White "Bermejo Martinez, Jorge"]
[Black "Madurga Lopez, Ignacio"]
[Result "1-0"]
[WhiteElo "2309"]
[BlackElo "2088"]
[PlyCount "76"]
[EventDate "2013.11.18"]
[EventType "team-tourn"]
[EventRounds "14"]
[EventCountry "ESP"]
[Source "lmi"]
[SourceDate "2013.11.18"]
[WhiteTeam "64 Villalba"]
[BlackTeam "Vallecas CDV"]
[WhiteTeamCountry "ESP"]
[BlackTeamCountry "ESP"]

1. d4 Nf6 2. g3 g6 3. Bg2 Bg7 4. Nf3 d6 5. c4 O-O 6. Nc3 Nbd7 7. O-O e5 8. e4
exd4 9. Nxd4 Re8 10. Re1 a6 11. h3 Rb8 12. f4 c5 13. Nc2 b5 14. Qxd6 b4 15. Nd1
Re6 16. Qd3 Bb7 17. e5 Ne8 18. Bd5 Nc7 19. Bxe6 Nxe6 20. Nde3 g5 21. Nd5 gxf4
22. gxf4 Qh4 23. Rf1 Kh8 24. Kh2 Nxe5 25. Qe2 Ng6 26. Qg4 Qxg4 27. hxg4 Rd8 28.
f5 Be5+ 29. Kg1 Nd4 30. Nxd4 Bxd4+ 31. Be3 Bxe3+ 32. Nxe3 Ne5 33. Rad1 Nf3+ 34.
Rxf3 Rxd1+ 35. Nxd1 Bxf3 36. Nf2 Kg7 37. b3 a5 38. Kh2 Be2 1-0

[Event "Liga Madrileña - DH 2013-2014"]
[Site "Madrid ESP"]
[Date "2013.12.15"]
[Round "4.45"]
[White "Montoya Pecurul, Marc"]
[Black "Napoli, Nicolo"]
[Result "1-0"]
[WhiteElo "2092"]
[BlackElo "2285"]
[PlyCount "125"]
[EventDate "2013.11.18"]
[EventType "team-tourn"]
[EventRounds "14"]
[EventCountry "ESP"]
[Source "lmi"]
[SourceDate "2013.11.18"]
[WhiteTeam "Vallecas CDV"]
[BlackTeam "64 Villalba"]
[WhiteTeamCountry "ESP"]
[BlackTeamCountry "ESP"]

1. e4 c6 2. d4 d5 3. exd5 cxd5 4. Bd3 Nc6 5. c3 Nf6 6. Bf4 g6 7. Nf3 Bg7 8. h3
O-O 9. Nbd2 a6 10. O-O Bf5 11. Bxf5 gxf5 12. Ne1 Rc8 13. Nd3 Na5 14. Re1 Ne4
15. f3 Nxd2 16. Qxd2 Nc4 17. Qf2 Rc6 18. Qh4 e6 19. Bg5 f6 20. Bh6 Qd7 21. Qg3
Kh8 22. Nc5 Rxc5 23. Qxg7+ Qxg7 24. Bxg7+ Kxg7 25. dxc5 Kf7 26. Re2 Rc8 27. b3
Ne5 28. b4 Rc6 29. a4 Nc4 30. Rd1 b6 31. cxb6 Nxb6 32. a5 Na4 33. Rd3 Rxc3 34.
Rxc3 Nxc3 35. Rd2 Ke7 36. Kf2 Kd6 37. Ke3 e5 38. Kd3 Nb5 39. Rc2 f4 40. Rc8 f5
41. Rd8+ Ke6 42. Rb8 e4+ 43. Kd2 Kd7 44. Rb6 d4 45. Rxa6 Nd6 46. Ra7+ Kc6 47.
Rxh7 Nc4+ 48. Ke1 Kb5 49. Rb7+ Ka6 50. Rd7 Ne3 51. Kf2 d3 52. fxe4 fxe4 53. Rd4
Nf5 54. Rxe4 d2 55. Re6+ Ka7 56. Ke2 Nd4+ 57. Kxd2 Nxe6 58. Kd3 Ng5 59. h4 f3
60. gxf3 Nxf3 61. h5 Ng5 62. Kd4 Ka6 63. Kc5 1-0

[Event "Liga Madrileña - DH 2013-2014"]
[Site "Madrid ESP"]
[Date "2013.12.15"]
[Round "4.46"]
[White "Lopez del Alamo, Antonio"]
[Black "Morona Minguez, Irene"]
[Result "1-0"]
[WhiteElo "2281"]
[BlackElo "1983"]
[PlyCount "73"]
[EventDate "2013.11.18"]
[EventType "team-tourn"]
[EventRounds "14"]
[EventCountry "ESP"]
[Source "lmi"]
[SourceDate "2013.11.18"]
[WhiteTeam "64 Villalba"]
[BlackTeam "Vallecas CDV"]
[WhiteTeamCountry "ESP"]
[BlackTeamCountry "ESP"]

1. e4 c5 2. Nf3 Nc6 3. Bb5 Nf6 4. Bxc6 dxc6 5. d3 Bg4 6. Nbd2 e6 7. h3 Bh5 8.
b3 Bd6 9. Bb2 Bc7 10. Qe2 Qe7 11. O-O-O O-O-O 12. g4 Bg6 13. Ne5 Ne8 14. f4 f6
15. Nxg6 hxg6 16. Qf2 e5 17. f5 g5 18. h4 gxh4 19. Rxh4 Rxh4 20. Qxh4 Nd6 21.
Rh1 Nb5 22. Qf2 Rg8 23. a4 Nd6 24. Qxc5 Bb6 25. Qa3 Qd7 26. Nf3 g6 27. Kb1 gxf5
28. gxf5 Kc7 29. Rh6 Ne8 30. Qb4 a5 31. Qc4 Rg7 32. Nxe5 Rg1+ 33. Ka2 fxe5 34.
Bxe5+ Kc8 35. Rh8 Bc7 36. Bb2 Rf1 37. Qg8 1-0

[Event "Liga Madrileña - DH 2013-2014"]
[Site "Madrid ESP"]
[Date "2014.01.11"]
[Round "5.11"]
[White "Moreno Trujillo, Alejandro"]
[Black "Granda Zuniga, Julio E"]
[Result "1/2-1/2"]
[WhiteElo "2541"]
[BlackElo "2680"]
[PlyCount "167"]
[EventDate "2013.11.18"]
[EventType "team-tourn"]
[EventRounds "14"]
[EventCountry "ESP"]
[Source "lmi"]
[SourceDate "2013.11.18"]
[WhiteTeam "64 Villalba"]
[BlackTeam "Collado Villalba"]
[WhiteTeamCountry "ESP"]
[BlackTeamCountry "ESP"]

1. d4 Nf6 2. c4 e6 3. Nc3 Bb4 4. Qc2 O-O 5. a3 Bxc3+ 6. Qxc3 d6 7. Bg5 Nbd7 8.
f3 e5 9. e4 a5 10. Be3 a4 11. Nh3 c5 12. d5 Ne8 13. Bd3 Nb6 14. Nf2 Ra6 15. O-O
Nc7 16. f4 exf4 17. Bxf4 f6 18. Be2 Nd7 19. Bg4 Ne5 20. Bxc8 Qxc8 21. b4 axb3
22. Qxb3 Re8 23. h3 Re7 24. Rab1 Ne8 25. Bxe5 dxe5 26. Nd1 g6 27. Ne3 Kg7 28.
Qd3 Rf7 29. Rb3 Nd6 30. Kh2 Qc7 31. Qe2 Ra8 32. Ng4 h5 33. Ne3 Raf8 34. Kg1 Kg8
35. Rf3 f5 36. exf5 gxf5 37. Rg3+ Rg7 38. Rxg7+ Kxg7 39. Qb2 Qe7 40. Nf1 Rf7
41. Nd2 Kh7 42. Qc3 e4 43. Qe3 f4 44. Qe2 Rf5 45. Rb6 Re5 46. Nf1 Kg8 47. a4
Rg5 48. Kh1 Qe5 49. Rxd6 Qxd6 50. Qxe4 Qe5 51. Nd2 b6 52. Kg1 Qxe4 53. Nxe4 Re5
54. Nf6+ Kf7 55. Nd7 Re2 56. Nxb6 Ke7 57. Nc8+ Kd7 58. Na7 Ra2 59. Nc6 Rxa4 60.
Ne5+ Kd6 61. Nf7+ Ke7 62. Ne5 Kf6 63. Nd7+ Kf5 64. Nxc5 Rxc4 65. Ne6 Ke5 66.
Ng7 h4 67. Ne6 Kxd5 68. Ng5 Rc3 69. Kf2 Rc2+ 70. Kg1 Rc6 71. Nf3 Rh6 72. Kf2
Ke4 73. Ng5+ Kf5 74. Nf3 Rh5 75. Nd2 Ke5 76. Nf3+ Kd5 77. Nd2 Kd4 78. Nf3+ Kc3
79. Ng1 Kd3 80. Kf3 Rg5 81. Kxf4 Rxg2 82. Nf3 Rg3 83. Nxh4 Rxh3 84. Nf5 1/2-1/2